| 000 | 00507nam a22002057a 4500 | ||
|---|---|---|---|
| 003 | OSt | ||
| 005 | 20140310183049.0 | ||
| 008 | 130227t xxu||||| |||| 00| 0 eng d | ||
| 020 | _a9789712724404 | ||
| 050 |
_aHD 9000.6 _b.B446 2009 |
||
| 082 |
_aFIL 338.19 _b.B446 2009 |
||
| 245 |
_aThe food wars _cBello, Walden |
||
| 260 |
_aManila _bAnvil _c2009 |
||
| 300 |
_ax, 176 p. _bill. _c20 cm. |
||
| 521 | _aCollege | ||
| 526 | _c1210L-1700L | ||
| 541 | _j1 | ||
| 562 | _e1 | ||
| 942 |
_2lcc _cBK _kFIL |
||
| 999 |
_c18628 _d18628 |
||